| 000 | 01024nam a22003135a 4500 | ||
|---|---|---|---|
| 005 | 20150823110807.0 | ||
| 008 | 150816r1998 maua|||fr|||| 001 0 eng d | ||
| 010 | _a 97025992 | ||
| 020 | _a0256232377 (acid-free paper) | ||
| 020 | _a0071152334 (acid-free paper) | ||
| 020 | _a9780071152334 | ||
| 040 |
_aEG-ScBUE _beng _cEG-ScBUE |
||
| 082 | 0 | 4 |
_a658 _bDON _222 |
| 100 | 1 |
_aDonnelly, James H. _919374 |
|
| 245 | 1 | 0 |
_aFundamentals of management / _cJames H. Donnelly, James L. Gibson, John M. Ivancevich. |
| 250 | _a10th ed., International ed. | ||
| 260 |
_aBoston : _bIrwin/McGraw Hill, _c1998. |
||
| 300 |
_axxvi, 630 p. : _bill. (col.) ; _c26 cm. |
||
| 500 | _aIncludes indexes. | ||
| 500 | _aGlossary : p. 606-617. | ||
| 504 | _aIncludes bibliographical references. | ||
| 590 | _ayassmeen ashraf | ||
| 650 | 0 |
_aManagement. _2BUEsh |
|
| 651 | _2BUEsh | ||
| 653 |
_bBUSADM _cAugust2015 |
||
| 700 | 1 |
_aGibson, James L. _93362 |
|
| 700 | 1 |
_aIvancevich, John M. _94569 |
|
| 942 |
_cBB _k658 DON _2ddc |
||
| 999 |
_c6006 _d4272 |
||